[Event "X Open A"]
[Site "Bergamo ITA"]
[Date "2011.07.15"]
[Round "2"]
[White "Castrogiovanni, Carlo"]
[Black "Gosio, Denis"]
[WhiteElo "1995"]
[BlackElo "2164"]
[Result "1/2-1/2"]
[PlyCount "31"]
[EventDate "2011.07.15"]

1. d4 Nf6 2. c4 e6 3. Nf3 b6 4. a3 Ba6 5. Qc2 Bb7 6. Nc3 c5 7. e4 cxd4 8. Nxd4
d6 9. Be2 Be7 10. O-O O-O 11. Be3 a6 12. Rad1 Qc7 13. f4 Re8 14. Rc1 Nbd7 15.
Kh1 Bf8 16. Nf3 1/2-1/2

[Event "X Open A"]
[Site "Bergamo ITA"]
[Date "2011.07.15"]
[Round "2"]
[White "Chiarion, Elisa"]
[Black "Borgo, Giulio"]
[WhiteElo "1964"]
[BlackElo "2404"]
[Result "1/2-1/2"]
[PlyCount "111"]
[EventDate "2011.07.15"]

1. e4 d6 2. d4 Nf6 3. Nc3 Nbd7 4. Nf3 e5 5. Bc4 Be7 6. O-O O-O 7. h3 c6 8. a4
a5 9. Re1 h6 10. Ba2 Nh7 11. Ne2 Ng5 12. Nxg5 hxg5 13. c3 Bf6 14. d5 Nb6 15.
Ng3 c5 16. Bb1 g6 17. b3 Kg7 18. Bd3 Be7 19. Qf3 Rh8 20. Nf1 g4 21. hxg4 Rh4
22. g5 Bxg5 23. Bxg5 Qxg5 24. Qe3 Qh5 25. Ng3 Qh7 26. Kf1 f5 27. Qg5 Kf7 28.
exf5 gxf5 29. Bxf5 Bxf5 30. Qxf5+ Qxf5 31. Nxf5 Rh1+ 32. Ke2 Rxe1+ 33. Rxe1
Nxd5 34. Nxd6+ Ke6 35. Ne4 Nf4+ 36. Kd1 c4 37. bxc4 Rc8 38. c5 Nxg2 39. Re2 Kd5
40. f3 Nh4 41. Rd2+ Kc6 42. Ke2 Nf5 43. Rb2 Kc7 44. Rb6 Ne7 45. Nd6 Rb8 46.
Nb5+ Kd8 47. Rd6+ Kc8 48. Na7+ Kc7 49. Re6 Kd7 50. Rxe5 Rh8 51. Nb5 Rh2+ 52.
Kd3 Rf2 53. Ke3 Ra2 54. Re4 Nd5+ 55. Kd3 Kc6 56. Nd4+ 1/2-1/2

[Event "X Open A"]
[Site "Bergamo ITA"]
[Date "2011.07.15"]
[Round "2"]
[White "De Nisi, Roberta"]
[Black "Ventura, Franco"]
[WhiteElo "1964"]
[BlackElo "2090"]
[Result "0-1"]
[PlyCount "72"]
[EventDate "2011.07.15"]

1. d4 Nf6 2. c4 g6 3. Nc3 Bg7 4. e4 d6 5. f3 c6 6. Be3 a6 7. Rb1 b5 8. cxb5
axb5 9. b4 O-O 10. Bd3 Nbd7 11. Nge2 Nb6 12. O-O Be6 13. d5 cxd5 14. Bxb5 dxe4
15. a4 exf3 16. Rxf3 Bg4 17. Rf1 Rc8 18. Qd4 Nfd5 19. Qxg4 Nxe3 20. Qf3 Nxf1
21. Rxf1 Nc4 22. Qd3 Ne5 23. Qg3 e6 24. Ne4 Rc2 25. Rb1 Qb6+ 26. Kh1 Rfc8 27.
h3 h6 28. Rd1 Rd8 29. h4 f5 30. Nd2 Ng4 31. Qb3 Nf2+ 32. Kh2 Be5+ 33. Ng3 Rc3
34. Qxe6+ Kh8 35. Nf3 Ng4+ 36. Kh3 Qf2 0-1

[Event "X Open A"]
[Site "Bergamo ITA"]
[Date "2011.07.15"]
[Round "2"]
[White "Di Lascio, Savino"]
[Black "Ficco, Corrado"]
[WhiteElo "1982"]
[BlackElo "2127"]
[Result "0-1"]
[PlyCount "54"]
[EventDate "2011.07.15"]

1. b4 e5 2. Bb2 d6 3. d3 f5 4. Nf3 Nf6 5. g3 g6 6. Bg2 Bg7 7. Nbd2 O-O 8. O-O
Nc6 9. a3 Qe7 10. c4 e4 11. dxe4 fxe4 12. Nd4 Nxd4 13. Bxd4 c5 14. Bb2 e3 15.
fxe3 Qxe3+ 16. Kh1 Bg4 17. Nf3 Rae8 18. Qxd6 Ne4 19. Qd5+ Be6 20. Bc1 Qxe2 21.
Qxb7 Bxa1 22. Re1 Nf2+ 23. Kg1 Qxc4 24. Be3 Nh3+ 25. Kh1 Bd4 26. Nxd4 cxd4 27.
Bh6 Rf7 0-1

[Event "X Open A"]
[Site "Bergamo ITA"]
[Date "2011.07.15"]
[Round "2"]
[White "Georgiev, Vladimir"]
[Black "Vezzosi, Paolo"]
[Result "1-0"]
[WhiteElo "2559"]
[BlackElo "2355"]
[PlyCount "105"]
[EventDate "2011.07.15"]

1. d4 Nf6 2. c4 e6 3. Nc3 Bb4 4. e3 b6 5. Bd3 Bb7 6. Nf3 O-O 7. O-O d5 8. cxd5
exd5 9. a3 Bd6 10. b4 Nbd7 11. Qb3 a5 12. b5 Qe7 13. a4 Rac8 14. Ba3 g6 15.
Rfc1 Rfd8 16. Ra2 c5 17. bxc6 Rxc6 18. Bxd6 Qxd6 19. Rac2 Rdc8 20. Nb5 Qb8 21.
Rxc6 Rxc6 22. Rxc6 Bxc6 23. h3 Kg7 24. Qc2 Bxb5 25. Bxb5 Nf8 26. Ne5 Ne6 27.
Bc6 Nd8 28. Bb5 Ne6 29. Qb3 Nd8 30. f3 Qd6 31. Kf2 Ng8 32. Be2 Ne7 33. Qb5 f6
34. Qd7 Nf7 35. Qxd6 Nxd6 36. Nd3 Kf7 37. Bd1 g5 38. Bb3 Ke8 39. Ke2 Kd7 40.
Nf2 Ndf5 41. Nd1 Kc6 42. Nc3 h5 43. g4 hxg4 44. hxg4 Nd6 45. Kd3 Ne8 46. e4 Nc7
47. Bxd5+ Nexd5 48. Nxd5 Nxd5 49. exd5+ Kxd5 50. Kc3 Ke6 51. Kc4 f5 52. d5+ Ke5
53. gxf5 1-0

[Event "X Open A"]
[Site "Bergamo ITA"]
[Date "2011.07.15"]
[Round "2"]
[White "Giancotti, Eraldo"]
[Black "Brunelli, Giovanni"]
[WhiteElo "2070"]
[BlackElo "1943"]
[Result "0-1"]
[PlyCount "80"]
[EventDate "2011.07.15"]

1. Nf3 f5 2. e4 fxe4 3. Ng5 Nf6 4. d3 e3 5. Bxe3 e5 6. Ne4 d5 7. Ng3 Bd6 8. d4
O-O 9. Be2 e4 10. c4 c6 11. Nc3 Kh8 12. c5 Bc7 13. b4 Qe8 14. Qb3 a6 15. Qa4
Bg4 16. Qc2 Bxe2 17. Qxe2 Qg6 18. O-O Nbd7 19. a4 Ng4 20. Bd2 Rae8 21. Nd1 Ndf6
22. Ra3 h5 23. Re1 Nxh2 24. Ne3 Bxg3 25. fxg3 Qxg3 26. Kh1 Nhg4 27. Nxg4 Qxg4
28. b5 Qxe2 29. Rxe2 Ng4 30. g3 Rf1+ 31. Kg2 Ref8 32. Bf4 Rb1 33. bxc6 bxc6 34.
Raa2 g5 35. Bxg5 Rff1 36. Rab2 Rg1+ 37. Kh3 Rh1+ 38. Rh2 Rxh2+ 39. Rxh2 Nxh2
40. Kxh2 Ra1 0-1

[Event "X Open A"]
[Site "Bergamo ITA"]
[Date "2011.07.15"]
[Round "2"]
[White "Godena, Michele"]
[Black "Gromovs, Sergejs"]
[Result "1-0"]
[WhiteElo "2525"]
[BlackElo "2303"]
[PlyCount "77"]
[EventDate "2011.07.15"]

1. e4 d6 2. d4 Nf6 3. Nc3 g6 4. g3 Bg7 5. Bg2 O-O 6. Nge2 Na6 7. O-O c5 8. h3
cxd4 9. Nxd4 Nc5 10. Be3 Bd7 11. Qd2 Re8 12. Rfe1 a6 13. Rad1 Rc8 14. Bg5 b5
15. Nd5 Nxd5 16. exd5 Na4 17. c3 Rc5 18. Be3 Rc8 19. Bg5 Rc5 20. Re2 Nb6 21.
Rde1 Nc4 22. Qd1 f6 23. Bc1 Kf8 24. h4 Nb6 25. Ne6+ Bxe6 26. Rxe6 Qa8 27. h5
Rxd5 28. Qg4 gxh5 29. Qe4 Re5 30. Rxe5 dxe5 31. Qxh7 Qc8 32. Bh6 Bxh6 33. Qxh6+
Kg8 34. Qg6+ Kf8 35. Qh6+ Kg8 36. Be4 Rd8 37. Bh7+ Kf7 38. Qxh5+ Kg7 39. Qg6+
1-0

[Event "X Open A"]
[Site "Bergamo ITA"]
[Date "2011.07.15"]
[Round "2"]
[White "Gonella, Daniele"]
[Black "Turazza, Andrea"]
[WhiteElo "2067"]
[BlackElo "1922"]
[Result "1-0"]
[PlyCount "97"]
[EventDate "2011.07.15"]

1. e4 c5 2. Nc3 Nc6 3. g3 g6 4. Bg2 Bg7 5. d3 e6 6. f4 d6 7. Nf3 Nge7 8. O-O
O-O 9. Be3 b6 10. Qe1 Bb7 11. g4 d5 12. Bf2 Nb4 13. Qc1 d4 14. Ne2 c4 15. Qd2
c3 16. bxc3 dxc3 17. Nxc3 Rc8 18. e5 Qc7 19. Nb5 Qxc2 20. Qxb4 Bxf3 21. Bxf3
Qxd3 22. Be4 Qe2 23. Nc3 Rxc3 24. Qxc3 Qxe4 25. Bg3 Rc8 26. Qf3 Qxf3 27. Rxf3
Nd5 28. a4 a5 29. Rff1 g5 30. f5 Rc4 31. Rfc1 Rxg4 32. Rc8+ Bf8 33. f6 h5 34.
Rac1 Kh7 35. Rxf8 Kg6 36. Kf1 h4 37. Bf2 Rxa4 38. Rg8+ Kf5 39. Rg7 Kxe5 40.
Rxf7 Nxf6 41. Re1+ Kf5 42. Bxb6 Rf4+ 43. Kg2 Kg6 44. Ra7 a4 45. Rxe6 Kf5 46.
Rc6 g4 47. Ra5+ Kg6 48. Bd8 h3+ 49. Kg1 1-0

[Event "X Open A"]
[Site "Bergamo ITA"]
[Date "2011.07.15"]
[Round "2"]
[White "Gorbatov, Alexej"]
[Black "Epishin, Vladimir V."]
[Result "1/2-1/2"]
[WhiteElo "2375"]
[BlackElo "2553"]
[PlyCount "95"]
[EventDate "2011.07.15"]

1. e4 c5 2. Nf3 a6 3. c4 d6 4. d4 Bg4 5. d5 Nd7 6. h3 Bxf3 7. Qxf3 g6 8. Bd2
Bg7 9. Bc3 Ngf6 10. Be2 O-O 11. O-O Qc7 12. Rd1 Rae8 13. a4 e6 14. Nd2 exd5 15.
cxd5 Re7 16. a5 Nh5 17. Nc4 f5 18. Bxg7 Nxg7 19. exf5 Nxf5 20. Qd3 Ne5 21. Nxe5
Rxe5 22. Bg4 Qe7 23. b4 cxb4 24. Qd2 h5 25. Bxf5 Rfxf5 26. Qxb4 Re2 27. Qd4 Qg7
28. Qxg7+ Kxg7 29. f3 h4 30. Kf1 Rb2 31. Rab1 Rxb1 32. Rxb1 Rxd5 33. Rxb7+ Kf6
34. Rb6 Rxa5 35. Rxd6+ Kf5 36. Kf2 Ra2+ 37. Ke3 g5 38. Rd5+ Kf6 39. f4 Ra3+ 40.
Kf2 gxf4 41. Rh5 a5 42. Rxh4 Kf5 43. Rh8 a4 44. Rf8+ Kg5 45. Rg8+ Kf5 46. Rf8+
Kg5 47. Rg8+ Kf5 48. Rf8+ 1/2-1/2

[Event "X Open A"]
[Site "Bergamo ITA"]
[Date "2011.07.15"]
[Round "2"]
[White "Herbold, Manfred"]
[Black "Ranfagni, Stefano"]
[WhiteElo "2143"]
[BlackElo "2006"]
[Result "1-0"]
[PlyCount "93"]
[EventDate "2011.07.15"]

1. d4 e6 2. Nf3 d5 3. e3 f5 4. c4 c6 5. Bd3 Nf6 6. O-O Bd6 7. b3 Qe7 8. a4 O-O
9. Ba3 Bxa3 10. Nxa3 Ne4 11. Nd2 Nd7 12. f3 Nxd2 13. Qxd2 Qg5 14. Nb1 Nf6 15.
Nc3 Bd7 16. Rae1 Qh6 17. Rf2 g5 18. g3 Kh8 19. Ref1 Rae8 20. Be2 Re7 21. e4 f4
22. g4 dxe4 23. Nxe4 Nxe4 24. fxe4 Qg7 25. Bf3 Rd8 26. Qa5 Ra8 27. e5 Be8 28.
Re1 Bg6 29. Qc3 Rd8 30. Rd2 Red7 31. b4 Qe7 32. b5 cxb5 33. axb5 Rc7 34. Rc1
Be8 35. Qb2 b6 36. Kg2 Rdc8 37. Rdc2 Bg6 38. Rc3 Be8 39. Be4 Bg6 40. Bxg6 hxg6
41. d5 exd5 42. cxd5 Qxe5 43. Rh3+ Kg8 44. Qxe5 Rxc1 45. Rh8+ Kf7 46. Qe6+ Kg7
47. Rxc8 1-0

[Event "X Open A"]
[Site "Bergamo ITA"]
[Date "2011.07.15"]
[Round "2"]
[White "Kosic, Dragan"]
[Black "Robertsen, Thomas"]
[Result "1-0"]
[WhiteElo "2483"]
[BlackElo "2257"]
[PlyCount "59"]
[EventDate "2011.07.15"]

1. d4 Nf6 2. Nf3 g6 3. Nc3 c5 4. d5 d6 5. e4 Bg7 6. Bb5+ Bd7 7. a4 O-O 8. O-O
Bg4 9. h3 Bxf3 10. Qxf3 a6 11. Be2 b6 12. Bf4 Nbd7 13. Qe3 Kh8 14. Rad1 Rg8 15.
Kh1 Qf8 16. g4 h6 17. h4 g5 18. hxg5 hxg5 19. Bxg5 Nh7 20. Bf4 Ne5 21. Qh3 Bf6
22. Kg2 Qg7 23. f3 Qg6 24. Rh1 Rg7 25. Qg3 Nxg4 26. fxg4 Bxc3 27. bxc3 Qxe4+
28. Kf2 Qxa4 29. Bd3 f5 30. Ra1 1-0

[Event "X Open A"]
[Site "Bergamo ITA"]
[Date "2011.07.15"]
[Round "2"]
[White "Leoni, Livio"]
[Black "Seletsky, Grigory"]
[WhiteElo "2020"]
[BlackElo "2296"]
[Result "1/2-1/2"]
[PlyCount "47"]
[EventDate "2011.07.15"]

1. e4 c5 2. Nf3 d6 3. d4 cxd4 4. Nxd4 Nf6 5. Nc3 a6 6. f3 e5 7. Nb3 Be6 8. Be3
Be7 9. Qd2 Nbd7 10. g4 O-O 11. O-O-O b5 12. g5 b4 13. Ne2 Ne8 14. f4 a5 15. f5
a4 16. fxe6 axb3 17. exf7+ Rxf7 18. cxb3 Rxa2 19. Kb1 Qa8 20. Ng3 Rxf1 21.
Rhxf1 Ra1+ 22. Kc2 Qc6+ 23. Kd3 Qb5+ 24. Kc2 1/2-1/2

[Event "X Open A"]
[Site "Bergamo ITA"]
[Date "2011.07.15"]
[Round "2"]
[White "Mola, Pietro"]
[Black "Cattaneo, Marco"]
[WhiteElo "2244"]
[BlackElo "1991"]
[Result "1-0"]
[PlyCount "49"]
[EventDate "2011.07.15"]

1. Nf3 d6 2. d4 f5 3. Nc3 Nf6 4. Bg5 Ne4 5. Nxe4 fxe4 6. Nd2 Bf5 7. e3 c6 8.
Bc4 d5 9. Bb3 Qb6 10. O-O Nd7 11. f3 exf3 12. Qxf3 e6 13. Kh1 Be7 14. Bxe7 Kxe7
15. Qg3 Bg6 16. Qh4+ Nf6 17. Nf3 Qc7 18. Ne5 Rhg8 19. c4 Be4 20. Rf2 Ke8 21.
Qh3 Qe7 22. cxd5 Bf5 23. Rxf5 exf5 24. dxc6 Ne4 25. Qxf5 1-0

[Event "X Open A"]
[Site "Bergamo ITA"]
[Date "2011.07.15"]
[Round "2"]
[White "Mrdja, Milan"]
[Black "Solodovnichenko, Yuri"]
[Result "1/2-1/2"]
[WhiteElo "2389"]
[BlackElo "2615"]
[PlyCount "77"]
[EventDate "2011.07.15"]

1. e4 c5 2. Nf3 d6 3. c3 Nf6 4. Bd3 Nc6 5. h3 d5 6. e5 Nd7 7. Qe2 Qc7 8. e6
fxe6 9. Ng5 Nf6 10. Nxe6 Qd6 11. Nxf8 Rxf8 12. O-O e5 13. Bb5 Kf7 14. d3 Bf5
15. Bg5 Rae8 16. Nd2 Kg8 17. Rad1 Bg6 18. Rfe1 Nh5 19. Nf3 h6 20. Bc1 e4 21.
dxe4 Bxe4 22. Nh2 Qg6 23. Qg4 Qf7 24. f3 Bc2 25. Rxe8 Rxe8 26. Rf1 Re6 27. Qh4
Ne5 28. Ng4 a6 29. Be2 Qe8 30. f4 Nxf4 31. Bxf4 Ng6 32. Qg3 Rxe2 33. Bxh6 d4
34. cxd4 cxd4 35. Qc7 Qe7 36. Qc4+ Qe6 37. Qc7 Qe7 38. Qc4+ Qe6 39. Qc7 1/2-1/2

[Event "X Open A"]
[Site "Bergamo ITA"]
[Date "2011.07.15"]
[Round "2"]
[White "Reduzzi, Maurizio"]
[Black "Guzzetti, Luigi Enrico"]
[WhiteElo "2082"]
[BlackElo "1962"]
[Result "1-0"]
[PlyCount "101"]
[EventDate "2011.07.15"]

1. d4 Nf6 2. Nf3 g6 3. g3 Bg7 4. Bg2 O-O 5. O-O d6 6. c4 c6 7. Nc3 Nbd7 8. e4
e5 9. h3 exd4 10. Nxd4 Ne5 11. b3 Qc7 12. Bb2 Re8 13. Re1 a5 14. Rc1 Ned7 15.
Rc2 Nc5 16. Rd2 Bh6 17. Rde2 Be6 18. Ba3 Rad8 19. Qc2 Nh5 20. Kh2 Bg7 21. Rd1
Na6 22. Bb2 Nb4 23. Qb1 Nf6 24. Qa1 Bc8 25. Red2 h5 26. f4 Nh7 27. Nf3 f5 28.
Nh4 Kf7 29. exf5 Bxf5 30. Nxf5 gxf5 31. Ne2 Bxb2 32. Qxb2 Re3 33. Nd4 Kg6 34.
a3 Na6 35. Qc2 Qd7 36. Nf3 Qe6 37. g4 hxg4 38. hxg4 Kf7 39. g5 Rh8 40. Kg1 Rd8
41. Nh4 Re1+ 42. Kh2 Rxd1 43. Rxd1 Nxg5 44. fxg5 Rh8 45. Qf2 Qe5+ 46. Kg1 f4
47. Rf1 Kg7 48. Qxf4 Qc5+ 49. Rf2 Rg8 50. Qf6+ Kh7 51. Qh6# 1-0

[Event "X Open A"]
[Site "Bergamo ITA"]
[Date "2011.07.15"]
[Round "2"]
[White "Seyfried, Claus"]
[Black "De Palma, Fabrizio"]
[WhiteElo "2166"]
[BlackElo "2064"]
[Result "1-0"]
[PlyCount "57"]
[EventDate "2011.07.15"]

1. e4 c5 2. c3 Nf6 3. e5 Nd5 4. d4 cxd4 5. Nf3 Nc6 6. cxd4 d6 7. Bc4 Nb6 8. Bb5
d5 9. Nc3 Bg4 10. h3 Bxf3 11. Qxf3 e6 12. O-O a6 13. Bxc6+ bxc6 14. Qg3 h6 15.
b3 g6 16. Rd1 a5 17. Bb2 Be7 18. Rd3 a4 19. Nxa4 Nxa4 20. bxa4 Rxa4 21. Rb3 Qa8
22. f4 O-O 23. f5 exf5 24. e6 Kh7 25. exf7 Rxf7 26. Rb8 Qa7 27. Qe5 Bf6 28. Qe8
Bxd4+ 29. Kh1 1-0

[Event "X Open A"]
[Site "Bergamo ITA"]
[Date "2011.07.15"]
[Round "2"]
[White "Stella, Andrea"]
[Black "Srebrnic, Vojko"]
[Result "1-0"]
[WhiteElo "2412"]
[BlackElo "2220"]
[PlyCount "51"]
[EventDate "2011.07.15"]

1. d4 Nf6 2. c4 d6 3. Nf3 g6 4. Nc3 Bg7 5. e4 O-O 6. Be2 c5 7. O-O cxd4 8. Nxd4
Nc6 9. Be3 Nxd4 10. Bxd4 Bd7 11. b4 Ne8 12. Rc1 Bxd4 13. Qxd4 e5 14. Qd2 Be6
15. Rfd1 a5 16. a3 axb4 17. axb4 Qe7 18. Nd5 Bxd5 19. Qxd5 Ra2 20. Bf3 Rb2 21.
b5 Ng7 22. Qxd6 Qxd6 23. Rxd6 Ne6 24. h4 Rc8 25. Bg4 Rxb5 26. Rxe6 1-0

[Event "X Open A"]
[Site "Bergamo ITA"]
[Date "2011.07.16"]
[Round "3"]
[White "Arnaudov, G. Petar"]
[Black "Brunello, Sabino"]
[Result "0-1"]
[WhiteElo "2439"]
[BlackElo "2552"]
[PlyCount "116"]
[EventDate "2011.07.15"]

1. Nf3 d5 2. d4 c6 3. c4 e6 4. e3 Nf6 5. b3 Bb4+ 6. Nbd2 Ne4 7. Bd3 f5 8. O-O
Nd7 9. Qc2 Bd6 10. Bb2 Qf6 11. Ne1 Qh6 12. g3 Ndf6 13. Be2 Qh3 14. Nxe4 fxe4
15. f3 h5 16. fxe4 dxe4 17. Rxf6 gxf6 18. Qxe4 Rh6 19. Ng2 f5 20. Qf3 Bd7 21.
e4 h4 22. e5 hxg3 23. Qxg3 Qxg3 24. hxg3 Be7 25. Bc1 Rh7 26. Bf4 O-O-O 27. Bf3
Be8 28. Rd1 Bh5 29. Bxh5 Rxh5 30. Kf2 Rdh8 31. Be3 Rh1 32. Rd2 Bb4 33. Rc2 Kd7
34. Kf3 a5 35. Nf4 R8h2 36. Ng2 Rd1 37. Re2 Bc3 38. g4 fxg4+ 39. Ke4 g3 40. Rc2
Be1 41. Kf3 Bf2 42. Re2 Rg1 43. Nf4 Bxe3 44. Rxe3 Rf2+ 45. Kg4 g2 46. Nh3 Rd1
47. Rg3 Rxd4+ 48. Kg5 Rf5+ 49. Kg6 Rd2 50. Ng5 Rf1 51. Nh3 Rxa2 52. Kh5 Rf5+
53. Kh4 Rxe5 54. Nf4 Re4 55. Kg5 Rxf4 56. Kxf4 Kd6 57. Kg4 Rb2 58. Kh3 Rxb3 0-1

[Event "X Open A"]
[Site "Bergamo ITA"]
[Date "2011.07.16"]
[Round "3"]
[White "Bemporad, Filippo"]
[Black "Castrogiovanni, Carlo"]
[WhiteElo "2068"]
[BlackElo "1995"]
[Result "0-1"]
[PlyCount "122"]
[EventDate "2011.07.15"]

1. d4 d6 2. Nf3 Nf6 3. c4 Nbd7 4. Bf4 c6 5. Nc3 Qc7 6. c5 e5 7. cxd6 Bxd6 8.
Bg3 O-O 9. e3 e4 10. Nd2 Re8 11. Qc2 Bxg3 12. hxg3 Qa5 13. Rh4 Nf8 14. Nc4 Qb4
15. O-O-O Ng6 16. Rh1 Ng4 17. Rh5 Nf6 18. Rc5 b6 19. a3 Qxc3 20. Qxc3 bxc5 21.
dxc5 Nd5 22. Qc2 Bg4 23. Be2 Bxe2 24. Qxe2 Rab8 25. Nd6 Re6 26. Qa6 Re7 27.
Qxc6 Nf6 28. Nb5 Ree8 29. Nd6 Re7 30. Rd2 Ne5 31. Qa6 Nd3+ 32. Rxd3 exd3 33.
Qxd3 Rd8 34. b4 Ne4 35. Qc4 Nxd6 36. cxd6 Red7 37. Kd2 Rxd6+ 38. Ke2 h6 39. b5
Rb6 40. a4 Rdb8 41. Qc7 R6b7 42. Qa5 Rc8 43. Qa6 Rcb8 44. g4 g6 45. Qc6 Rb6 46.
Qc7 R6b7 47. Qf4 Kg7 48. Qe5+ Kg8 49. Kf3 Rb6 50. Kg3 Ra8 51. Kh4 Rab8 52. g5
hxg5+ 53. Kxg5 f6+ 54. Qxf6 Rxf6 55. Kxf6 Kh7 56. e4 Rf8+ 57. Ke7 Rf7+ 58. Ke6
Rxf2 59. e5 Ra2 60. g4 Rxa4 61. Kf6 Rf4+ 0-1

[Event "X Open A"]
[Site "Bergamo ITA"]
[Date "2011.07.16"]
[Round "3"]
[White "Cattaneo, Marco"]
[Black "Leoni, Livio"]
[WhiteElo "1991"]
[BlackElo "2020"]
[Result "1/2-1/2"]
[PlyCount "44"]
[EventDate "2011.07.15"]

1. d4 Nf6 2. Nf3 e6 3. c4 b6 4. a3 Bb7 5. Nc3 d5 6. cxd5 Nxd5 7. Qc2 Be7 8. e4
Nxc3 9. bxc3 O-O 10. Bd3 c5 11. O-O Qc8 12. Qe2 Ba6 13. Rd1 Bxd3 14. Rxd3 cxd4
15. cxd4 Rd8 16. Bb2 Nd7 17. Rc1 Qa6 18. Rd2 Qxe2 19. Rxe2 Rac8 20. Rec2 Rxc2
21. Rxc2 Nc5 22. Ne5 Kf8 1/2-1/2

[Event "X Open A"]
[Site "Bergamo ITA"]
[Date "2011.07.16"]
[Round "3"]
[White "De Palma, Fabrizio"]
[Black "De Nisi, Roberta"]
[WhiteElo "2064"]
[BlackElo "1964"]
[Result "1-0"]
[PlyCount "97"]
[EventDate "2011.07.15"]

1. Nf3 d5 2. c4 d4 3. g3 c5 4. b4 cxb4 5. a3 b3 6. Qxb3 Nc6 7. Bg2 e5 8. d3 Bc5
9. Nbd2 f5 10. Qb5 Bd6 11. Nxe5 Bxe5 12. Bxc6+ bxc6 13. Qxe5+ Kf7 14. Nf3 Nf6
15. Qxd4 Qxd4 16. Nxd4 c5 17. Nb5 Bd7 18. O-O a6 19. Nc3 Rab8 20. Be3 Rb3 21.
Rfc1 Rc8 22. Nd1 Ng4 23. Rcb1 Rxb1 24. Rxb1 Rc6 25. Rb7 Ke6 26. f3 Nf6 27. Nc3
h6 28. Na4 Kd6 29. Bf4+ Ke6 30. Nb6 g5 31. Nxd7 Nxd7 32. Bd2 Kd6 33. h4 gxh4
34. Bxh6 hxg3 35. Bf4+ Ke7 36. Bxg3 Rg6 37. Kf2 Rh6 38. Bf4 Rg6 39. e3 Ke6 40.
d4 cxd4 41. exd4 Ke7 42. c5 Ke8 43. Bd6 Kd8 44. Ra7 Kc8 45. Rxa6 Kb7 46. Ra4
Nf6 47. Rb4+ Kc6 48. Rb6+ Kd7 49. Be5 1-0

[Event "X Open A"]
[Site "Bergamo ITA"]
[Date "2011.07.16"]
[Round "3"]
[White "Epishin, Vladimir V."]
[Black "Buckley, Simon T."]
[Result "1-0"]
[WhiteElo "2553"]
[BlackElo "2352"]
[PlyCount "81"]
[EventDate "2011.07.15"]

1. d4 f5 2. Nf3 Nf6 3. g3 e6 4. Bg2 Be7 5. O-O O-O 6. b3 d6 7. Bb2 Qe8 8. Nbd2
Qh5 9. e3 Nc6 10. Ne1 Qh6 11. Nd3 Bd7 12. Qe2 Rae8 13. f4 Ng4 14. Bf3 Nf6 15.
c4 d5 16. Rac1 Ne4 17. Bg2 Rc8 18. g4 Qh4 19. cxd5 exd5 20. gxf5 Bxf5 21. Nxe4
Bxe4 22. Bxe4 dxe4 23. Nf2 Rce8 24. Nxe4 Bf6 25. Qg2 Rf7 26. Kh1 Nb4 27. Nxf6+
Qxf6 28. d5 Qf5 29. Rc4 Nd3 30. Bd4 b5 31. Rc3 Nb4 32. Rc5 Qd3 33. a3 Na6 34.
Rc3 Qf5 35. Rfc1 b4 36. Rc6 Nb8 37. R6c5 Qd3 38. axb4 Qxb3 39. d6 cxd6 40. Rg5
g6 41. f5 1-0

[Event "X Open A"]
[Site "Bergamo ITA"]
[Date "2011.07.16"]
[Round "3"]
[White "Ficco, Corrado"]
[Black "Player, Edmund C."]
[WhiteElo "2127"]
[BlackElo "2214"]
[Result "0-1"]
[PlyCount "84"]
[EventDate "2011.07.15"]

1. e4 e6 2. d4 d5 3. Nc3 Bb4 4. e5 c5 5. Bd2 Ne7 6. dxc5 O-O 7. Bd3 Nd7 8. f4
Nxc5 9. Nf3 Nxd3+ 10. cxd3 Qb6 11. Ne2 Bd7 12. Bxb4 Qxb4+ 13. Qd2 Qb6 14. Ned4
f6 15. O-O-O Be8 16. Kb1 Bh5 17. Rc1 fxe5 18. fxe5 Nf5 19. Nb3 Bxf3 20. gxf3
Nd4 21. Nxd4 Qxd4 22. Rc7 b6 23. Rhc1 Qxe5 24. Qg2 Rf7 25. Rc8+ Rxc8 26. Rxc8+
Rf8 27. Rxf8+ Kxf8 28. a3 Kf7 29. Qc2 Qh5 30. Qc6 Qxf3 31. Qd7+ Kf6 32. Qxa7
Qxd3+ 33. Kc1 Qe3+ 34. Kd1 Qc5 35. Qb8 h6 36. Qf4+ Kg6 37. Qg3+ Kf7 38. Qh3
Qg1+ 39. Kd2 Qd4+ 40. Kc2 Qa4+ 41. Qb3 Qxb3+ 42. Kxb3 d4 0-1

[Event "X Open A"]
[Site "Bergamo ITA"]
[Date "2011.07.16"]
[Round "3"]
[White "Gosio, Denis"]
[Black "Bocci, Alessandro"]
[WhiteElo "2164"]
[BlackElo "1941"]
[Result "1-0"]
[PlyCount "53"]
[EventDate "2011.07.15"]

1. e4 c5 2. Nf3 Nc6 3. d4 cxd4 4. Nxd4 Qc7 5. Nc3 e6 6. Be3 Nf6 7. Bd3 a6 8.
O-O Bb4 9. Na4 Be7 10. Nxc6 bxc6 11. Nb6 Rb8 12. Nxc8 Qxc8 13. e5 Nd5 14. Bc1
Bc5 15. Qg4 g6 16. c4 Ne7 17. b3 h5 18. Qh4 Qc7 19. Bg5 Rg8 20. Rfe1 d6 21.
exd6 Bxd6 22. Rad1 c5 23. Be4 Nc6 24. Rxd6 Qxd6 25. Bf4 Qd8 26. Bxc6+ Kf8 27.
Bh6+ 1-0

[Event "X Open A"]
[Site "Bergamo ITA"]
[Date "2011.07.16"]
[Round "3"]
[White "Gromovs, Sergejs"]
[Black "Cani, Gazmir"]
[WhiteElo "2303"]
[BlackElo "2114"]
[Result "1/2-1/2"]
[PlyCount "187"]
[EventDate "2011.07.15"]

1. d4 Nf6 2. Nf3 g6 3. c4 Bg7 4. Nc3 d5 5. cxd5 Nxd5 6. e4 Nxc3 7. bxc3 c5 8.
Rb1 O-O 9. Be2 cxd4 10. cxd4 Qa5+ 11. Bd2 Qxa2 12. O-O Bg4 13. d5 Nd7 14. Bg5
Nc5 15. Rb4 Bxf3 16. gxf3 Bf6 17. Bxf6 exf6 18. Re1 b6 19. Qd4 Nd7 20. Ra4 Qc2
21. Rc4 Qa2 22. Rc7 Ne5 23. Qc3 g5 24. Kf1 Qa5 25. Qd4 b5 26. Rec1 b4 27. h4 h6
28. hxg5 hxg5 29. d6 b3 30. R7c5 Qb6 31. Qd5 a6 32. Rb1 b2 33. Rc2 Rfd8 34. Rd2
Rab8 35. Qa2 Qb3 36. Qxa6 Qc3 37. Rdd1 Nxf3 38. Qd3 Qxd3 39. Rxd3 Ne5 40. Rd2
Rb6 41. Rdxb2 Rxb2 42. Rxb2 Rxd6 43. Kg2 Rd4 44. f3 Kg7 45. Kf2 Ng6 46. Ke3 Ra4
47. Rb7 Ra3+ 48. Kf2 Rc3 49. Bd1 Ne5 50. Be2 Ra3 51. Rc7 Ra2 52. Ke3 Ra3+ 53.
Kf2 Ra1 54. Rb7 Rc1 55. Ke3 Ng6 56. Kd2 Ra1 57. Rb2 Ne5 58. Rc2 Kg6 59. Ke3 Rh1
60. Rc8 Kg7 61. Rc7 Rh3 62. Kf2 Rh8 63. Ke3 Rb8 64. Kf2 Rb6 65. Ke3 Rc6 66.
Rxc6 Nxc6 67. f4 Kg6 68. Bg4 Na5 69. Be2 Kg7 70. Bf1 Nc6 71. Be2 Nd8 72. Kf3
Nc6 73. fxg5 fxg5 74. Kg4 Kf6 75. Bc4 Ke5 76. Bd5 f6 77. Kf3 Nd4+ 78. Kg4 Nc2
79. Bb7 Ne3+ 80. Kf3 Kd4 81. Ba8 Nc4 82. Kg4 Ne5+ 83. Kg3 Ke3 84. Bd5 Nd3 85.
Kg4 Ne5+ 86. Kg3 Kd4 87. Bb7 Ng6 88. Kg4 Ke3 89. Kg3 Ne7 90. Ba8 Ng6 91. Bb7
Nf8 92. Kg4 Nd7 93. Bd5 Ne5+ 94. Kg3 1/2-1/2

[Event "X Open A"]
[Site "Bergamo ITA"]
[Date "2011.07.16"]
[Round "3"]
[White "Kosic, Dragan"]
[Black "Georgiev, Vladimir"]
[Result "1/2-1/2"]
[WhiteElo "2483"]
[BlackElo "2559"]
[PlyCount "24"]
[EventDate "2011.07.15"]

1. d4 d5 2. c4 dxc4 3. Nf3 Nf6 4. e3 e6 5. Bxc4 a6 6. O-O c5 7. dxc5 Bxc5 8.
Qxd8+ Kxd8 9. Nbd2 Nbd7 10. b3 b6 11. Bb2 Bb7 12. Rfd1 Ke7 1/2-1/2

[Event "X Open A"]
[Site "Bergamo ITA"]
[Date "2011.07.16"]
[Round "3"]
[White "Mola, Pietro"]
[Black "Mrdja, Milan"]
[Result "0-1"]
[WhiteElo "2244"]
[BlackElo "2389"]
[PlyCount "100"]
[EventDate "2011.07.15"]

1. Nf3 d5 2. d4 Bf5 3. c4 e6 4. Nc3 Nc6 5. Bg5 f6 6. cxd5 exd5 7. Bf4 g5 8. Bg3
h5 9. h3 Bd6 10. Bxd6 Qxd6 11. e3 Nge7 12. Bd3 O-O-O 13. Bxf5+ Nxf5 14. Qd3 Qe6
15. O-O-O g4 16. Nd2 g3 17. f3 Nb4 18. Qb5 Na6 19. Rhe1 Rhe8 20. Nb3 c6 21. Qa4
Kb8 22. Na5 Qd7 23. e4 dxe4 24. Nxe4 Qc7 25. Kb1 Nh4 26. Rg1 f5 27. Nf6 Re2 28.
d5 c5 29. Qxh4 Qxa5 30. Qxg3+ Ka8 31. f4 Nb4 32. a3 Qa4 33. Rc1 Qa6 34. Qc3 Nd3
35. Rc2 Rxc2 36. Kxc2 Nxf4 37. Rd1 Ne2 38. Qe5 Qa4+ 39. b3 Qxa3 40. Qxe2 Qa2+
41. Kd3 Qxb3+ 42. Kd2 Qb2+ 43. Ke1 Qxf6 44. Qxh5 c4 45. d6 a6 46. g4 fxg4 47.
hxg4 Qe6+ 48. Kf2 Rf8+ 49. Kg3 Qe3+ 50. Kh4 Qf2+ 0-1